Programmirovanije na jazyke Prolog

Saved in:
Bibliographic Details
Main Author: Clocksin, W.F
Other Authors: Mellish, C.S
Format: Book
Language:Russian
Published: Moskva Mir 1987
Edition:1. izd.
Series:Matematičeskoje obespečenije EVM
Tags: Add Tag
No Tags, Be the first to tag this record!

MARC

LEADER 00000nam a2200000 4500
001 c036559
005 20240417140334.8
041 0 |a rus 
044 |a RU 
245 1 0 |a Programmirovanije na jazyke Prolog  |c W.F. Clocksin, C.S. Mellish ; [Z angl. prel.] A.V. Gorbunov, M.M. Komarov 
250 |a 1. izd. 
264 1 |a Moskva  |b Mir  |c 1987 
300 |a 336 s. 
490 1 |a Matematičeskoje obespečenije EVM 
830 0 |a Matematičeskoje obespečenije EVM 
100 1 |a Clocksin, W.F. 
700 1 |a Mellish, C.S.